Remittances and vulnerability in developing countries (Registro nro. 49940)
[ vista simple ]
| 000 -CABECERA | |
|---|---|
| Longitud fija campo de control | 01269naa a2200337 c 4500 |
| 001 - NÚMERO DE CONTROL | |
| Número de control | 49940 |
| 003 - IDENTIFICADOR DE NÚMERO DE CONTROL | |
| Identificador del número de control | ES-MaCES |
| 005 - FECHA Y HORA DE LA ÚLTIMA TRANSACCIÓN | |
| Fecha y hora de la última transacción | 20170922142400.0 |
| 008 - CAMPO FIJO DE DESCRIPCIÓN FIJA--INFORMACIÓN GENERAL | |
| Códigos de información de longitud fija | 170922s2017 us ||||| t||||||| ||eng d |
| 040 ## - FUENTE DE CATALOGACIÓN | |
| Centro catalogador de origen | ES-MaCES |
| Lengua de catalogación | spa |
| Centro transcriptor | ES-MaCES |
| Centro modificado | ES-MaCES |
| 100 ## - ENCABEZAMIENTO PRINCIPAL--NOMBRE PERSONAL | |
| 9 (RLIN) | 38529 |
| Nombre de persona | Bettin, Giulia |
| 245 10 - MENCIÓN DE TÍTULO | |
| Título | Remittances and vulnerability in developing countries |
| Mención de responsabilidad, etc. | Giulia Bettin, Andrea F. Presbitero, Nikola L. Spatafora |
| 500 ## - NOTA GENERAL | |
| Nota general | Resumen |
| 504 ## - NOTA DE BIBLIOGRAFÍA, ETC. | |
| Nota de bibliografía, etc. | Bibliografía: p. 21-23 |
| 650 #4 - ASIENTO SECUNDARIO DE MATERIA--TÉRMINO DE MATERIA | |
| 9 (RLIN) | 29646 |
| Término de materia o nombre geográfico como elemento inicial | remesa de dinero |
| 650 #4 - ASIENTO SECUNDARIO DE MATERIA--TÉRMINO DE MATERIA | |
| 9 (RLIN) | 28173 |
| Término de materia o nombre geográfico como elemento inicial | exportación de capital |
| 650 #4 - ASIENTO SECUNDARIO DE MATERIA--TÉRMINO DE MATERIA | |
| 9 (RLIN) | 28129 |
| Término de materia o nombre geográfico como elemento inicial | corriente de capitales |
| 650 #4 - ASIENTO SECUNDARIO DE MATERIA--TÉRMINO DE MATERIA | |
| 9 (RLIN) | 27092 |
| Término de materia o nombre geográfico como elemento inicial | país en desarrollo |
| 650 #4 - ASIENTO SECUNDARIO DE MATERIA--TÉRMINO DE MATERIA | |
| 9 (RLIN) | 27093 |
| Término de materia o nombre geográfico como elemento inicial | desarrollo económico |
| 650 #4 - ASIENTO SECUNDARIO DE MATERIA--TÉRMINO DE MATERIA | |
| 9 (RLIN) | 27082 |
| Término de materia o nombre geográfico como elemento inicial | consecuencias económicas |
| 650 #4 - ASIENTO SECUNDARIO DE MATERIA--TÉRMINO DE MATERIA | |
| 9 (RLIN) | 27070 |
| Término de materia o nombre geográfico como elemento inicial | análisis económico |
| 650 #4 - ASIENTO SECUNDARIO DE MATERIA--TÉRMINO DE MATERIA | |
| 9 (RLIN) | 29368 |
| Término de materia o nombre geográfico como elemento inicial | modelo econométrico |
| 650 #4 - ASIENTO SECUNDARIO DE MATERIA--TÉRMINO DE MATERIA | |
| 9 (RLIN) | 26952 |
| Término de materia o nombre geográfico como elemento inicial | Italia |
| 650 #4 - ASIENTO SECUNDARIO DE MATERIA--TÉRMINO DE MATERIA | |
| 9 (RLIN) | 38532 |
| Término de materia o nombre geográfico como elemento inicial | 2005-2011 |
| 653 10 - TÉRMINO DE INDEXACIÓN--NO CONTROLADO | |
| Término no controlado | Economía |
| 700 ## - ENCABEZAMIENTO SECUNDARIO--NOMBRE PERSONAL | |
| 9 (RLIN) | 38530 |
| Nombre de persona | Presbitero, Andrea F. |
| 700 ## - ENCABEZAMIENTO SECUNDARIO--NOMBRE PERSONAL | |
| 9 (RLIN) | 38531 |
| Nombre de persona | Spatafora, Nikola L. |
| 773 0# - ENTRADA DE DOCUMENTO FUENTE | |
| Itemnumber del ítem fuente | 86170 |
| Lugar, editor y fecha de publicación | Washington, D.C. (H Street, 1818, N.W., 20433) World Bank |
| Otro identificador del documento | 089067 |
| Título | The World Bank economic review |
| Número de control del registro relacionado | (ES-MaCES)25143 |
| Parte(s) relacionada(s) | vol. 31, no. 1 (2017) {10125 R. 089067} ;p. 1-23 |
| 902 ## - CES. TIPO DE DOCUMENTO | |
| Tipodoc (006$c Sirtex) | ART Artículo de revista |
| 942 ## - ELEMENTOS KOHA | |
| Fuente de clasificaión o esquema | Clasificación propia del CES |
| Koha [por defecto] tipo de item | Artículos (1982-2017) |
| Parte de clasificación | Economía |
No hay ítems disponibles.
